| 000 | 00775cam a22002411 4500 | ||
|---|---|---|---|
| 001 | 17863 | ||
| 003 | BD-RjUL | ||
| 005 | 20211209000214.0 | ||
| 008 | 140219r19501934xx 000 0 eng | ||
| 035 | _a(BD-RjUL)17921 | ||
| 040 |
_aDLC _cFO _dDLC _dBD-RjUL _beng |
||
| 041 | _aeng | ||
| 082 |
_a820.9 _bGRB 1950 _223 |
||
| 100 | 1 |
_aGrierson, Herbert John Clifford, _d1866-1960. _955128 |
|
| 245 | 1 | 4 |
_aThe background of English literature, classical & romantic, _band other collected essays and addresses. |
| 250 | _a2nd ed. | ||
| 260 |
_aNew York : _bBarnes & Noble, _c c1925 [reprinted 1950] |
||
| 300 |
_a290 p. ; _c21 cm. |
||
| 490 | 0 | _aUniversity paperbacks | |
| 500 | _a"UP-43." | ||
| 650 | 0 |
_aEnglish literature _xHistory and criticism. _952967 |
|
| 942 |
_2ddc _cBK |
||
| 999 |
_c17863 _d17863 |
||